000 00931cam a2200265 a 4500
999 _c2541
_d2541
001 12504974
003 OSt
005 20191118120037.0
008 010816s2002 caua b 001 0 eng
010 _a 2001043470
020 _a0534389058 (alk. paper)
040 _aDLC
_cDLC
_dDLC
050 0 0 _aQA297
_b.K563 2002
082 0 0 _a518
_221
_bKIN 2002
100 1 _aKincaid, David; Cheney, E. W.;
_96128
245 1 0 _aNumerical Analysis:
_bmathematics of scientific computing
250 _a3rd ed.
260 _aPacific Grove, CA :
_bBrooks/Cole,
_c2002.
300 _axiv, 788 p. :
_bill. ;
_c25 cm.
504 _aIncludes bibliographical references (p. 745-769) and index.
650 0 _aNumerical analysis.
_93742
906 _a7
_bcbc
_corignew
_d1
_eocip
_f20
_gy-gencatlg
942 _2ddc
_cSLOAN